000 00602nam a2200217Ii 4500
003 JO-AjNU
008 230606s9999||||xx |||||||||||||| ||und||
020 _a978-0-321-43084-7
040 _aJO-AjNU
_beng
_erda
_cJO-AjNU
041 _aeng
050 1 4 _aQA76.76.H94.C3698.2007
100 3 _aCastro,Elizabeth,
_eauthor
_9557
245 0 0 _aHTML XHTML CSS
250 _a6 ed
264 3 1 _aUSA:PEACHPIT PRESS,2007
300 _a456p
336 _atext
_btxt
_2rdacontent
337 _aunmediated
_bn
_2rdamedia
338 _avolume
_bnc
_2rdacarrier
650 4 _a HTML (Document markup language) 
_9558
999 _aE295
_c295
_d295